000 00639nam a2200181Ia 4500
003 GCL
008 140319s9999 xx 000 0 ara d
040 _aGCL /
_cGCL
082 0 4 _a812.045
_bم ر
100 1 _aمحمود دياب
245 1 0 _aرسول من قرية تميرة: للاستفهام عن مسألة الحرب والسلام /
_cمحمود دياب
300 _a154 ص
490 _aروايات الثقافة الجديدة
_v0
650 0 4 _aالمسرحيات العربية
650 0 4 _aالادب العربى - العصر الحديث
650 0 4 _aالمسرحيات العربية - مصر
942 _2ddc
_cBK
999 _c50490
_d50490